000 00769nam a2200253Ia 4500
003 OSt
005 20220923214143.0
006 a|||||r|||| 00| 0
007 ta
008 220922b |||||||| |||| 00| 0 snd d
024 _a167,414
037 _cTextual
040 _aARTS
_cARTS
_bsnd
041 _2snd
_asnd
082 _aO1593,1L04x, 152K9
100 _aदशरथ राज
245 0 _aसंत रोहल की बानी
246 _aSanta rohal kī bānī
260 _aपूना
_b शिव शक्ति प्रकाशन
_c1969
300 _a262 पृ0
_ccm.
650 _aसिन्धी कविता
942 _hO1593,1L04x, 152K9
_cTEXL
_2CC
999 _c321884
_d321884